Imiona nadane dziewczynkom w 2005 roku - Statystyki

Ogólne statystyki
  • Ten quiz został rozwiązany 50 razy
  • Średni wynik to 69 z 100
Statystyki odpowiedzi
Hint Odpowiedź % Poprawnych
N Natalia
100%
V Victoria
100%
W Wiktoria
100%
W Weronika
97%
A Anna
94%
J Julia
94%
P Paulina
94%
A Aleksandra
89%
K Karolina
89%
M Monika
89%
O Olivia
89%
O Oliwia
89%
A Agata
86%
D Daria
86%
D Dominika
86%
A Alicja
83%
B Barbara
83%
H Hanna
83%
I Iga
83%
J Joanna
83%
L Lena
83%
M Marta
83%
N Nicola
83%
N Nikola
83%
P Patrycja
83%
Z Zuzanna
83%
E Emilia
80%
K Katarzyna
80%
M Maja
80%
M Małgorzata
80%
M Maria
80%
M Martyna
80%
E Ewa
77%
J Justyna
77%
K Klaudia
77%
M Magda
77%
M Michalina
77%
N Nadia
77%
Z Zofia
77%
A Agnieszka
74%
D Dorota
74%
K Kamila
74%
N Nina
74%
R Róża
74%
S Sylwia
74%
U Urszula
74%
A Amelia
71%
A Aneta
71%
J Jagoda
71%
K Kinga
71%
K Kornelia
71%
M Milena
71%
P Pola
71%
S Sara
71%
B Beata
69%
E Ewelina
69%
H Helena
69%
L Laura
69%
Ł Łucja
69%
M Magdalena
69%
O Olga
69%
A Adrianna
66%
G Gabriela
66%
I Izabela
66%
M Marcelina
66%
A Andżelika
63%
A Angelika
63%
S Sandra
63%
V Vanessa
63%
W Wanessa
63%
E Eliza
60%
K Kaja
60%
L Liliana
60%
P Paula
60%
R Roksana
60%
R Rozalia
60%
A Anastazja
57%
A Anita
57%
E Edyta
57%
K Klara
57%
M Marianna
57%
A Aniela
54%
L Lidia
54%
A Antonina
49%
J Julita
49%
M Marlena
49%
S Sonia
49%
D Diana
46%
D Dagmara
43%
K Karina
43%
L Liwia
43%
M Malwina
43%
M Matylda
43%
I Inga
40%
J Jessica
40%
K Kalina
40%
N Natasza
40%
M Marika
37%
N Nicole
37%
O Otylia
29%
Nie znaleziono quizów pasujących do podanych kryteriów
Rozkład punktacji
Procent ludzi z każdym wynikiem
Percentyl według liczby udzielonych odpowiedzi
Twoja historia wyników
Nie rozwiązałeś tego quizu